00335nam a22001337a 4500003000700000005001700007008004100024082002200065100002500087245002200112260003900134300000800173650002000181MPLRDC20220104125131.0210129b ||||| |||| 00| 0 eng d a177.3 CAR v.1 c.6 aDALE CARNEGIE 原著 a人性的弱点c ab翰林文化出版有限公司c b平 a应用心理学